[Event "Wiesbaden op 32nd"]
[Site "Wiesbaden"]
[Date "2023.08.27"]
[Round "7"]
[White "Meaubert, Thomas"]
[Black "Neininger, Sarah"]
[Result "1/2-1/2"]
[WhiteElo "1788"]
[BlackElo "1494"]
[PlyCount "49"]
[EventDate "2023.08.24"]
[EventType "swiss"]
[EventRounds "7"]
[EventCountry "GER"]
[SourceTitle "CBM 216 Extra"]
[Source "ChessBase"]
[SourceDate "2023.11.30"]
[SourceVersion "1"]
[SourceVersionDate "2023.11.30"]
[SourceQuality "1"]

1. c4 e6 2. Nc3 d5 3. e3 Nf6 4. Nf3 Be7 5. b3 Nbd7 6. Bb2 b6 7. cxd5 exd5 8. Bb5 Bb7 9. Ne5 0-0 10. Nc6 Qe8 11. Nxe7+ Qxe7 12. d4 c6 13. Bd3 c5 14. Ne2 Ne4 15. 0-0 Rfe8 16. Ng3 Ndf6 17. Rc1 Rac8 18. Qe2 Nxg3 19. hxg3 Ne4 20. Qg4 Nf6 21. Qf4 Ne4 22. Rfe1 Qg5 23. Bxe4 Qxf4 24. Bxh7+ Kxh7 25. gxf4 1/2-1/2

[Event "Wiesbaden op 31st"]
[Site "Wiesbaden"]
[Date "2019.08.24"]
[Round "5"]
[White "Meaubert, Thomas"]
[Black "Oparaugo, Thomas"]
[Result "0-1"]
[WhiteElo "1779"]
[BlackElo "2005"]
[PlyCount "72"]
[EventDate "2019.08.22"]
[EventType "swiss"]
[EventRounds "7"]
[EventCountry "GER"]
[SourceTitle "EXT 2020"]
[Source "ChessBase"]
[SourceDate "2019.10.17"]
[SourceVersion "1"]
[SourceVersionDate "2019.10.17"]
[SourceQuality "1"]

1. c4 e5 2. Nc3 Bb4 3. g3 h5 4. h4 Nc6 5. Nd5 Be7 6. e3 d6 7. Be2 g6 8. b3 Nf6 9. Nxe7 Qxe7 10. Bb2 Bf5 11. d3 0-0-0 12. a3 d5 13. Rc1 Rhe8 14. c5 a5 15. Qd2 d4 16. e4 Bxe4 17. dxe4 Nxe4 18. Qc2 f5 19. Nf3 Rd5 20. b4 axb4 21. axb4 Nxb4 22. Qb3 Rxc5 23. Rxc5 Nxc5 24. Qc4 e4 25. 0-0 d3 26. Bd1 exf3 27. Bxf3 Nc2 28. Bc1 Ne1 29. Bh1 Nc2 30. Bg5 Qf8 31. Bf4 Re1 32. Bxb7+ Kxb7 33. Rxe1 Nxe1 34. Qb4+ Kc6 35. Qxe1 Ne4 36. f3 Qc5+ 0-1

[Event "Wiesbaden op 31st"]
[Site "Wiesbaden"]
[Date "2019.08.23"]
[Round "2"]
[White "Richter, Tim"]
[Black "Meaubert, Thomas"]
[Result "0-1"]
[WhiteElo "1430"]
[BlackElo "1779"]
[PlyCount "68"]
[EventDate "2019.08.22"]
[EventType "swiss"]
[EventRounds "7"]
[EventCountry "GER"]
[SourceTitle "EXT 2020"]
[Source "ChessBase"]
[SourceDate "2019.10.17"]
[SourceVersion "1"]
[SourceVersionDate "2019.10.17"]
[SourceQuality "1"]

1. d4 Nf6 2. c4 e6 3. Nf3 b6 4. Nc3 Bb4 5. a3 Bxc3+ 6. bxc3 h6 7. Bf4 Bb7 8. e3 d6 9. h3 Nbd7 10. Bd3 Ne4 11. Qc2 f5 12. Bxe4 Bxe4 13. Qe2 Qf6 14. Rg1 g5 15. Bh2 Ke7 16. Nd2 Bb7 17. 0-0-0 Rac8 18. Nb3 Rhf8 19. Kb2 Ba6 20. d5 e5 21. f3 c6 22. e4 cxd5 23. exd5 Bxc4 24. Qe3 Bxb3 25. Kxb3 Nc5+ 26. Kb2 Na4+ 27. Kb3 Rxc3+ 28. Qxc3 Nxc3 29. Kxc3 e4+ 30. Kb3 Rc8 31. Rc1 Rc5 32. Rxc5 bxc5 33. Rb1 Qd4 34. fxe4 fxe4 0-1

[Event "Wiesbaden op 30th"]
[Site "Wiesbaden"]
[Date "2018.08.24"]
[Round "3"]
[White "Berberich, Christoph"]
[Black "Meaubert, Thomas"]
[Result "1-0"]
[WhiteElo "2002"]
[BlackElo "1758"]
[PlyCount "68"]
[EventDate "2018.08.23"]
[EventType "swiss"]
[EventRounds "7"]
[EventCountry "GER"]
[SourceTitle "CBM 186 Extra"]
[Source "ChessBase"]
[SourceDate "2018.08.24"]
[SourceVersion "1"]
[SourceVersionDate "2018.08.24"]
[SourceQuality "1"]

1. d4 e6 2. Nf3 f5 3. g3 Nf6 4. Bg2 Be7 5. 0-0 0-0 6. b3 d6 7. Bb2 Nbd7 8. Nbd2 Qe8 9. Ng5 Bd8 10. e4 Ng4 11. Nh3 Qh5 12. Qe2 Ndf6 13. f3 Nh6 14. Nf4 Qf7 15. Rae1 Nd7 16. Nd3 Kh8 17. c4 Bf6 18. e5 dxe5 19. dxe5 Be7 20. f4 Rb8 21. Rc1 Nc5 22. Bd4 Nxd3 23. Qxd3 c5 24. Bb2 Rd8 25. Qe2 b6 26. Rcd1 g5 27. fxg5 Bxg5 28. Ne4 Be7 29. Rxd8+ Bxd8 30. Qd2 Qf8 31. Nd6 Be7 32. h3 Nf7 33. g4 Bg5 34. Nxf7+ Qxf7 1-0

[Event "Wiesbaden op 28th"]
[Site "Wiesbaden"]
[Date "2016.08.28"]
[Round "7"]
[White "Meaubert, Thomas"]
[Black "Goodwin, David"]
[Result "1-0"]
[WhiteElo "1773"]
[BlackElo "1504"]
[PlyCount "63"]
[EventDate "2016.08.25"]
[EventType "swiss"]
[EventRounds "7"]
[EventCountry "GER"]
[SourceTitle "CBM 174 Extra"]
[Source "ChessBase"]
[SourceDate "2016.10.10"]
[SourceVersion "1"]
[SourceVersionDate "2016.10.10"]
[SourceQuality "1"]

1. c4 g6 2. g3 Bg7 3. Nc3 e6 4. Bg2 Ne7 5. d3 a6 6. Bg5 f6 7. Bd2 Nbc6 8. Nf3 d5 9. cxd5 exd5 10. 0-0 Bd7 11. Qb3 Na5 12. Qc2 Be6 13. Nd4 Bf7 14. Qa4+ Nac6 15. Nxc6 b5 16. Nxd8 bxa4 17. Nxf7 Kxf7 18. Bxd5+ Nxd5 19. Nxd5 Rab8 20. Rfc1 Rhc8 21. Rc2 c6 22. Nb4 f5 23. Rb1 Rb6 24. a3 a5 25. Be3 c5 26. Bxc5 Rb5 27. Be3 Rxc2 28. Nxc2 Rxb2 29. Rxb2 Bxb2 30. Kf1 Bc3 31. Bd4 Bd2 32. e3 1-0

[Event "Wiesbaden op 27th"]
[Site "Wiesbaden"]
[Date "2015.08.30"]
[Round "6"]
[White "Bjoerknes, Uwe"]
[Black "Meaubert, Thomas"]
[Result "1/2-1/2"]
[WhiteElo "2079"]
[BlackElo "1801"]
[PlyCount "59"]
[EventDate "2015.08.27"]
[EventType "swiss"]
[EventRounds "7"]
[EventCountry "GER"]
[SourceTitle "EXT 2016"]
[Source "ChessBase"]
[SourceDate "2015.10.08"]
[SourceVersion "1"]
[SourceVersionDate "2015.10.08"]
[SourceQuality "1"]

1. e4 e6 2. d4 d5 3. Nc3 Bb4 4. e5 c5 5. a3 Bxc3+ 6. bxc3 Ne7 7. Nf3 Nbc6 8. a4 Qa5 9. Bd2 Bd7 10. c4 Qc7 11. c3 cxd4 12. cxd5 dxc3 13. dxc6 cxd2+ 14. Qxd2 Bxc6 15. Rc1 Rd8 16. Qb4 Ng6 17. Be2 Nxe5 18. 0-0 Nxf3+ 19. Bxf3 Qd6 20. Bxc6+ bxc6 21. Qb7 Qd7 22. Qa6 0-0 23. Rxc6 Qd4 24. Rc7 Rd7 25. Rfc1 h6 26. h3 Qb6 27. Qxb6 axb6 28. R7c6 Ra7 29. Rxb6 Rxa4 30. Rb2 1/2-1/2

[Event "Rheinland Pfalz op 6th"]
[Site "Gau Algesheim"]
[Date "2014.06.19"]
[Round "1"]
[White "Meaubert, Thomas"]
[Black "Haag, Martin"]
[Result "1/2-1/2"]
[WhiteElo "1793"]
[BlackElo "2304"]
[PlyCount "67"]
[EventDate "2014.06.19"]
[EventType "swiss"]
[EventRounds "7"]
[EventCountry "GER"]
[SourceTitle "CBM 161 Extra"]
[Source "ChessBase"]
[SourceDate "2014.08.29"]
[SourceVersion "1"]
[SourceVersionDate "2014.08.29"]
[SourceQuality "1"]

1. d4 Nf6 2. Nf3 e6 3. e3 b6 4. Bd3 Bb7 5. Nbd2 d5 6. 0-0 Bd6 7. b3 0-0 8. Bb2 c5 9. Ne5 Nc6 10. a3 Ne7 11. Ng4 Nxg4 12. Qxg4 Ng6 13. f4 f5 14. Qg3 Rc8 15. Rfc1 Qe7 16. c3 Nh8 17. Be2 Rf6 18. Bf3 cxd4 19. cxd4 Rxc1+ 20. Bxc1 Ba6 21. Qf2 Rf8 22. Be2 Bxe2 23. Qxe2 Rc8 24. Qd3 Qc7 25. Kf1 Nf7 26. Ke2 g5 27. g3 Qe7 28. Bb2 Kg7 29. a4 Bb4 30. Rc1 Rxc1 31. Bxc1 Qc7 32. Bb2 g4 33. Nb1 Nd6 34. Bc3 1/2-1/2

[Event "Wiesbaden op 25th"]
[Site "Wiesbaden"]
[Date "2013.08.25"]
[Round "6"]
[White "Giesselbach, Christian"]
[Black "Meaubert, Thomas"]
[Result "0-1"]
[WhiteElo "1061"]
[BlackElo "1834"]
[PlyCount "58"]
[EventDate "2013.08.22"]
[EventType "swiss"]
[EventRounds "7"]
[EventCountry "GER"]
[SourceTitle "CBM 156 Extra"]
[Source "ChessBase"]
[SourceDate "2013.10.22"]
[SourceVersion "1"]
[SourceVersionDate "2013.10.22"]
[SourceQuality "1"]

1. d4 e6 2. c4 c5 3. Nf3 Nf6 4. g3 cxd4 5. Nxd4 Nc6 6. Nxc6 bxc6 7. Bg2 d5 8. 0-0 Be7 9. Nd2 Bb7 10. b3 0-0 11. Bb2 Nd7 12. Qc2 f5 13. cxd5 cxd5 14. Nf3 Rc8 15. Qd2 Bf6 16. Nd4 Re8 17. Rac1 Qb6 18. Rxc8 Rxc8 19. Qe3 Kf7 20. Rd1 a6 21. f4 Qd6 22. Kf2 Nb8 23. h3 g6 24. g4 Nc6 25. gxf5 gxf5 26. Nxf5 exf5 27. Bxd5+ Kf8 28. Bxf6 Qxf6 29. Qc5+ Ne7 0-1

[Event "GER OL-267 email"]
[Site "GER email"]
[Date "2012.09.06"]
[Round "?"]
[White "Schoenberger, Kay"]
[Black "Meaubert, Thomas"]
[Result "1-0"]
[WhiteElo "1640"]
[BlackElo "1521"]
[PlyCount "59"]
[EventDate "2011.??.??"]
[EventType "tourn (corr)"]
[EventRounds "6"]
[EventCountry "GER"]
[SourceTitle "Corr 2015"]
[Source "ChessBase"]
[SourceDate "2015.07.17"]
[SourceVersion "1"]
[SourceVersionDate "2015.07.17"]
[SourceQuality "1"]

1. d4 e6 2. Nf3 Nf6 3. c4 c5 4. d5 exd5 5. cxd5 d6 6. Nc3 g6 7. Bf4 Bg7 8. Qa4+ Bd7 9. Qb3 Qc7 10. e4 0-0 11. Be2 Nh5 12. Be3 Bg4 13. 0-0 Nf6 14. Bf4 Bxf3 15. Nb5 Qd7 16. Qxf3 Ne8 17. Qg3 Bxb2 18. Rae1 Be5 19. Bxe5 dxe5 20. Qxe5 a6 21. Nc3 f6 22. Qg3 Qd6 23. f4 Nd7 24. Bg4 Ng7 25. e5 fxe5 26. fxe5 Rxf1+ 27. Kxf1 Rf8+ 28. Kg1 Qc7 29. d6 Qd8 30. e6 1-0

[Event "GER OL-257 email"]
[Site "GER email"]
[Date "2011.??.??"]
[Round "?"]
[White "Meaubert, Thomas"]
[Black "Luethi, Thomas"]
[Result "1-0"]
[WhiteElo "1640"]
[BlackElo "1800"]
[PlyCount "84"]
[EventDate "2010.09.16"]
[EventType "tourn (corr)"]
[EventRounds "6"]
[EventCountry "GER"]
[SourceTitle "Corr 2015"]
[Source "ChessBase"]
[SourceDate "2015.07.17"]
[SourceVersion "1"]
[SourceVersionDate "2015.07.17"]
[SourceQuality "1"]
[WhiteTeam "Germany"]
[BlackTeam "Germany"]
[WhiteTeamCountry "GER"]
[BlackTeamCountry "GER"]

1. d4 Nf6 2. c4 e5 3. dxe5 Ng4 4. Nf3 Nc6 5. e3 Ncxe5 6. Nxe5 Nxe5 7. Be2 g6 8. Bd2 Bg7 9. Bc3 0-0 10. 0-0 d6 11. f4 Ng4 12. Bxg4 Bxg4 13. Qxg4 f5 14. Qf3 c6 15. Bxg7 Kxg7 16. Nd2 Qb6 17. b3 Rae8 18. Rfe1 Re6 19. Re2 Rfe8 20. Rae1 Qc5 21. Qf2 Qa3 22. Nf3 h6 23. h4 c5 24. h5 Qa6 25. Nh4 b5 26. cxb5 Qxb5 27. hxg6 Rf6 28. Rd2 Qd7 29. Red1 Ref8 30. Rd5 Qe7 31. Qd2 Kg8 32. Qd3 Qe6 33. Rxd6 Qxd6 34. Qxd6 Rxd6 35. Rxd6 h5 36. Rd7 a6 37. Kf2 Rf6 38. e4 fxe4 39. Ke3 Rb6 40. Nf5 Rxg6 41. Ne7+ Kg7 42. Nxg6+ Kxg6 1-0